[Event "FIDE Open World Blitz 2021"]
[Site "Warsaw"]
[Date "2021.12.29"]
[Round "1.30"]
[White "Alekseenko, Kirill"]
[Black "Gukesh D"]
[Result "1-0"]
[WhiteElo "2710"]
[BlackElo "2621"]
[Annotator "ChessBase"]
[PlyCount "147"]
[EventDate "2021.12.29"]
[EventType "swiss"]
[EventCountry "POL"]
[Tiebreak "Cut1 Buchholz"]
[SourceTitle "playchess.com"]
[Source "ChessBase"]
[SourceQuality "1"]

1. e4 c5 2. Nf3 Nc6 3. Nc3 e5 4. Bc4 Be7 5. d3 d6 6. Nd2 Nf6 7. Nf1 Bg4 8. Qd2
O-O 9. Ne3 Be6 10. O-O a6 11. a4 Nb4 12. b3 d5 13. exd5 Nfxd5 14. Ncxd5 Nxd5
15. Bb2 f6 16. Nxd5 Bxd5 17. Bxd5+ Qxd5 18. a5 Bd6 19. Rfe1 Rad8 20. Ra4 Rf7
21. Qe2 Bf8 22. Rc4 Qc6 23. Qe3 Rfd7 24. Bc3 Qd5 25. Qh3 Qf7 26. Rh4 g6 27. Rc4
Rd5 28. Qf3 Qe6 29. Qe3 Qf7 30. h3 R8d7 31. Re4 Rd8 32. Rf1 Bg7 33. Rc4 Bf8 34.
Bb2 Qc7 35. Bc3 Qf7 36. Qe1 Bh6 37. Qa1 Qd7 38. Qe1 Qf7 39. Bb2 Qd7 40. Qe4 Qf5
41. Qxf5 gxf5 42. Ba3 Rc8 43. Bb2 Rc6 44. g3 Bd2 45. Ra1 Kf7 46. Kf1 Bh6 47.
Rh4 Kg6 48. Rc4 Kf7 49. Ke2 Bf8 50. Rf1 Re6 51. Kf3 Bh6 52. Bc3 Bf8 53. Kg2 Bh6
54. Re1 Bf8 55. f4 Bd6 56. Kf3 Bc7 57. fxe5 fxe5 58. Rh4 Kg6 59. g4 f4 60. Rh5
Bd6 61. Rf5 Re7 62. Ke4 Rd4+ 63. Bxd4 exd4+ 64. Kd5 Rxe1 65. Kxd6 Re3 66. Rxf4
Rxh3 67. Kxc5 Rh2 68. Kb6 Rxc2 69. Rxd4 Rc3 70. b4 Kf6 71. Kxb7 Ke5 72. Re4+
Kd5 73. Kxa6 Rxd3 74. Re7 1-0

[Event "FIDE Open World Blitz 2021"]
[Site "Warsaw"]
[Date "2021.12.29"]
[Round "1.30"]
[White "Ivic, Velimir"]
[Black "Thybo, Jesper Sondergaard"]
[Result "1-0"]
[WhiteElo "2575"]
[BlackElo "2195"]
[Annotator "ChessBase"]
[PlyCount "115"]
[EventDate "2021.12.29"]
[EventType "swiss"]
[EventCountry "POL"]
[Tiebreak "Cut1 Buchholz"]
[SourceTitle "playchess.com"]
[Source "ChessBase"]
[SourceQuality "1"]

1. e4 c5 2. Nf3 Nc6 3. Bb5 e5 4. O-O Bd6 5. c3 a6 6. Ba4 b5 7. Bb3 c4 8. Bc2
Nf6 9. d4 cxd3 10. Qxd3 Be7 11. a4 b4 12. Nbd2 bxc3 13. bxc3 O-O 14. Nc4 d5 15.
Ncxe5 Nxe5 16. Nxe5 dxe4 17. Qxd8 Bxd8 18. Nc6 Bc7 19. Ba3 Re8 20. Rad1 Bd7 21.
Ne7+ Kh8 22. Bb3 Be6 23. Nd5 Bxd5 24. Bxd5 Nxd5 25. Rxd5 Rad8 26. Rfd1 Rxd5 27.
Rxd5 Kg8 28. c4 Rb8 29. g4 Bf4 30. c5 Rc8 31. Rd4 Re8 32. Kf1 g5 33. c6 Rc8 34.
Rc4 Bxh2 35. Bb2 Bf4 36. Bf6 Kf8 37. Rd4 Ke8 38. Rd7 Bc7 39. Ke2 Bb6 40. Re7+
Kf8 41. Rb7 Bc5 42. a5 Ke8 43. Rd7 Bb4 44. Rd4 Bxa5 45. Rxe4+ Kf8 46. Ra4 Rxc6
47. Bxg5 Re6+ 48. Kd3 Bc7 49. f4 h6 50. Bh4 Rb6 51. Rc4 Rb7 52. f5 Ke8 53. Bf6
Rb6 54. Re4+ Kf8 55. Bd4 Rd6 56. Kc4 Bb6 57. Bb2 Kg8 58. Re8+ 1-0

[Event "FIDE Open World Blitz 2021"]
[Site "Warsaw"]
[Date "2021.12.29"]
[Round "1.31"]
[White "Suleymanli, Aydin"]
[Black "Fridman, Daniel"]
[Result "0-1"]
[WhiteElo "2541"]
[BlackElo "2626"]
[Annotator "ChessBase"]
[PlyCount "102"]
[EventDate "2021.12.29"]
[EventType "swiss"]
[EventCountry "POL"]
[Tiebreak "Cut1 Buchholz"]
[SourceTitle "playchess.com"]
[Source "ChessBase"]
[SourceQuality "1"]

1. d4 d5 2. c4 e6 3. Nc3 c5 4. e3 cxd4 5. exd4 Nf6 6. Nf3 Bb4 7. a3 Bxc3+ 8.
bxc3 O-O 9. Qc2 h6 10. cxd5 exd5 11. Bd3 Re8+ 12. Be3 Ng4 13. O-O Rxe3 14. fxe3
Nxe3 15. Bh7+ Kh8 16. Qd3 Nxf1 17. Ne5 Be6 18. Rxf1 Qe7 19. Bg6 f6 20. Qf3 Nd7
21. Nd3 Nf8 22. Nf4 Bg8 23. a4 Rd8 24. h4 Qd7 25. Bc2 Qe7 26. Nh5 Bf7 27. Ng3
Be6 28. Re1 Qd7 29. Nh5 Bg4 30. Nxf6 Bxf3 31. Nxd7 Rxd7 32. gxf3 Kg8 33. Bf5
Rc7 34. Re3 Kf7 35. Bc2 Ne6 36. Bb3 Nf4 37. h5 Rd7 38. Re5 Kf6 39. Kh2 Rc7 40.
Re3 Kg5 41. a5 Kxh5 42. Kg3 g5 43. Bc2 Rxc3 44. Rxc3 Ne2+ 45. Kf2 Nxc3 46. Bf5
Nb5 47. Ke3 b6 48. axb6 axb6 49. Be6 Nc7 50. Bf7+ Kh4 51. Kf2 b5 0-1

[Event "FIDE Open World Blitz 2021"]
[Site "Warsaw"]
[Date "2021.12.29"]
[Round "1.31"]
[White "Sallam, Sabri Abdul-Mawla"]
[Black "Socko, Bartosz"]
[Result "0-1"]
[WhiteElo "2194"]
[BlackElo "2571"]
[Annotator "ChessBase"]
[PlyCount "54"]
[EventDate "2021.12.29"]
[EventType "swiss"]
[EventCountry "POL"]
[Tiebreak "Cut1 Buchholz"]
[SourceTitle "playchess.com"]
[Source "ChessBase"]
[SourceQuality "1"]

1. d4 e6 2. c4 b6 3. Nc3 Bb4 4. Nf3 Bb7 5. g3 Bxf3 6. exf3 Bxc3+ 7. bxc3 Ne7 8.
Bg2 d5 9. O-O O-O 10. cxd5 exd5 11. Re1 Re8 12. Bg5 Nbc6 13. Qa4 h6 14. Bc1 Na5
15. Ba3 Nc4 16. Bxe7 Rxe7 17. f4 Qd7 18. Qxd7 Rxd7 19. Re2 Kf8 20. Rae1 c6 21.
Bh3 Rdd8 22. Bf5 Nd6 23. Bd3 Re8 24. Kg2 Rxe2 25. Rxe2 a5 26. Kf3 b5 27. g4 b4
0-1

[Event "FIDE Open World Blitz 2021"]
[Site "Warsaw"]
[Date "2021.12.29"]
[Round "1.32"]
[White "Sargissian, Gabriel"]
[Black "Sanal, Vahap"]
[Result "0-1"]
[WhiteElo "2664"]
[BlackElo "2590"]
[Annotator "ChessBase"]
[PlyCount "100"]
[EventDate "2021.12.29"]
[EventType "swiss"]
[EventCountry "POL"]
[Tiebreak "Cut1 Buchholz"]
[SourceTitle "playchess.com"]
[Source "ChessBase"]
[SourceQuality "1"]

1. d4 Nf6 2. c4 e6 3. Nc3 Bb4 4. e3 c5 5. Bd3 Bxc3+ 6. bxc3 Nc6 7. Ne2 d6 8. e4
e5 9. d5 Ne7 10. h4 h6 11. f3 Kd7 12. Be3 Kc7 13. Ng3 Nd7 14. Qd2 Ng6 15. h5
Ne7 16. Bf2 b6 17. Nf1 Nf6 18. Bh4 Nh7 19. Ne3 f6 20. Bc2 Qe8 21. Bf2 Ng5 22.
Qe2 Rf8 23. g4 Bd7 24. Kf1 Ba4 25. Bd3 Qc8 26. Kg2 Rg8 27. Nf1 Qa6 28. Ng3 Raf8
29. Be3 Qc8 30. Rab1 Bd7 31. Bc2 Rh8 32. Rb2 Qe8 33. Rbb1 Rfg8 34. Rb2 g6 35.
hxg6 Nxg6 36. Nh5 Nxf3 37. Nxf6 Ngh4+ 38. Kf2 Qf7 39. Nxg8 Nd4+ 40. Ke1 Nhf3+
41. Kd1 Nxe2 42. Nxh6 Nxc3+ 43. Kc1 Qg6 44. Bd3 Ng5 45. Rbh2 Ngxe4 46. Kc2 Ba4+
47. Kc1 Kb7 48. Nf5 Rxh2 49. Rxh2 Qxg4 50. Rh7+ Ka6 0-1

[Event "FIDE Open World Blitz 2021"]
[Site "Warsaw"]
[Date "2021.12.29"]
[Round "1.32"]
[White "Muradli, Mahammad"]
[Black "Elier, Ali"]
[Result "1-0"]
[WhiteElo "2571"]
[BlackElo "2194"]
[Annotator "ChessBase"]
[PlyCount "117"]
[EventDate "2021.12.29"]
[EventType "swiss"]
[EventCountry "POL"]
[Tiebreak "Cut1 Buchholz"]
[SourceTitle "playchess.com"]
[Source "ChessBase"]
[SourceQuality "1"]

1. d4 d5 2. c4 e6 3. Nc3 c5 4. cxd5 cxd4 5. Qxd4 Nc6 6. Qa4 exd5 7. e3 Nf6 8.
Nf3 Bd6 9. Be2 O-O 10. O-O Re8 11. Rd1 a6 12. h3 Be6 13. Nd4 Bd7 14. Nxc6 bxc6
15. b3 Ne4 16. Nxe4 Rxe4 17. Qxe4 dxe4 18. Rxd6 Qe8 19. Bb2 Be6 20. Rad1 h6 21.
Bd4 a5 22. Bb6 Bd5 23. Bc4 Bxc4 24. bxc4 Kh7 25. c5 a4 26. R6d4 Qe6 27. R1d2 a3
28. Rd6 Qe5 29. Rxc6 Qa1+ 30. Kh2 Qe5+ 31. g3 Qa1 32. Rcd6 Ra4 33. c6 Rc4 34.
c7 Qe1 35. Kg2 Rc1 36. Rd1 Rxd1 37. Rxd1 Qxd1 38. c8=Q Qf3+ 39. Kg1 Qd1+ 40.
Kh2 Qe2 41. Qf5+ Kg8 42. Bd4 Qxa2 43. Kg2 Qc2 44. Qe5 f6 45. Qe8+ Kh7 46. Qe7
Qe2 47. Qxa3 Qf3+ 48. Kg1 h5 49. h4 Kg6 50. Qe7 Qd1+ 51. Kh2 Qf3 52. Qe8+ Kh7
53. Kg1 Qd1+ 54. Kg2 Qf3+ 55. Kg1 Qd1+ 56. Kh2 Qf3 57. g4 Qxf2+ 58. Kh1 Qg3 59.
Qxe4+ 1-0

[Event "FIDE Open World Blitz 2021"]
[Site "Warsaw"]
[Date "2021.12.29"]
[Round "1.33"]
[White "Donchenko, Alexander"]
[Black "Quparadze, Giga"]
[Result "1/2-1/2"]
[WhiteElo "2645"]
[BlackElo "2475"]
[Annotator "ChessBase"]
[PlyCount "125"]
[EventDate "2021.12.29"]
[EventType "swiss"]
[EventCountry "POL"]
[Tiebreak "Cut1 Buchholz"]
[SourceTitle "playchess.com"]
[Source "ChessBase"]
[SourceQuality "1"]

1. d4 Nf6 2. c4 e6 3. g3 Bb4+ 4. Nd2 c5 5. a3 Bxd2+ 6. Qxd2 cxd4 7. Nf3 d5 8.
Bg2 dxc4 9. Qxd4 O-O 10. Qxc4 Nc6 11. O-O Na5 12. Qc2 Bd7 13. b4 Rc8 14. Qd3
Nc4 15. Bg5 Ba4 16. Rfc1 Qxd3 17. exd3 Nd6 18. Ne5 h6 19. Bf4 g5 20. Be3 b6 21.
Nc6 Bxc6 22. Bxc6 Nf5 23. Bb7 Rb8 24. Ba6 Nd5 25. Bd2 Nd4 26. Rd1 b5 27. Be3
Nxe3 28. fxe3 Nf5 29. e4 Nd4 30. a4 bxa4 31. b5 Rfd8 32. Kf2 Nxb5 33. Bxb5 Rxb5
34. Rxa4 Rb2+ 35. Kf3 Rd7 36. h4 Kg7 37. hxg5 hxg5 38. Kg4 Kg6 39. Ra5 f5+ 40.
exf5+ exf5+ 41. Kf3 g4+ 42. Ke3 Rg2 43. Rf1 Rxg3+ 44. Ke2 Rf7 45. d4 Rb3 46. d5
Rb2+ 47. Kd3 g3 48. d6 f4 49. Rd5 Rbb7 50. Ke4 g2 51. Rg1 f3 52. Rd3 Kh7 53. d7
Rbxd7 54. Rxd7 Rxd7 55. Kxf3 Kg7 56. Rxg2+ Kf6 57. Ke4 Ke6 58. Rg6+ Kf7 59. Rg5
Ke8 60. Re5+ Kf8 61. Rd5 Rh7 62. Kd4 Ke8 63. Ke4 1/2-1/2

[Event "FIDE Open World Blitz 2021"]
[Site "Warsaw"]
[Date "2021.12.29"]
[Round "1.33"]
[White "Masternak, Grzegorz"]
[Black "Narayanan.S.L"]
[Result "0-1"]
[WhiteElo "2188"]
[BlackElo "2570"]
[Annotator "ChessBase"]
[PlyCount "66"]
[EventDate "2021.12.29"]
[EventType "swiss"]
[EventCountry "POL"]
[Tiebreak "Cut1 Buchholz"]
[SourceTitle "playchess.com"]
[Source "ChessBase"]
[SourceQuality "1"]

1. e4 c5 2. Nc3 e6 3. g3 Nc6 4. Bg2 Nf6 5. f4 d5 6. e5 Ng8 7. Nf3 Nh6 8. O-O
Nf5 9. g4 Nfd4 10. Nxd4 cxd4 11. Ne2 h5 12. g5 g6 13. d3 Bc5 14. a3 a5 15. Bd2
Bd7 16. Rb1 a4 17. Kh1 Kf8 18. c3 Kg7 19. cxd4 Nxd4 20. Nxd4 Bxd4 21. Qe2 Qb6
22. Rfc1 Rhc8 23. Bb4 Rxc1+ 24. Rxc1 Rc8 25. Rxc8 Bxc8 26. Qc2 Bd7 27. Bf1 Bc6
28. Bg2 Be3 29. Bd2 Qd4 30. Qc1 Bf2 31. h3 Qxd3 32. Bb4 d4 33. Bxc6 Qxh3# 0-1

[Event "FIDE Open World Blitz 2021"]
[Site "Warsaw"]
[Date "2021.12.29"]
[Round "1.34"]
[White "Karjakin, Sergey"]
[Black "Bellahcene, Bilel"]
[Result "1-0"]
[WhiteElo "2743"]
[BlackElo "2528"]
[Annotator "TA"]
[PlyCount "111"]
[EventDate "2021.12.29"]
[EventType "swiss"]
[EventCountry "POL"]
[Tiebreak "Cut1 Buchholz"]
[SourceTitle "playchess.com"]
[Source "ChessBase"]
[SourceQuality "1"]

1. e4 c5 2. Nf3 e6 3. d4 cxd4 4. Nxd4 Nf6 5. Nc3 Nc6 6. a3 Be7 7. f4 O-O 8. Be3
d5 9. e5 Nd7 10. Qd2 a6 11. Bd3 Nxd4 12. Bxd4 Nc5 13. O-O b6 14. Rf3 f5 15.
exf6 Bxf6 16. Ne2 Bb7 17. Qe3 Bxd4 18. Nxd4 Qf6 19. c3 Rae8 20. Raf1 Ne4 21.
Rh3 e5 22. fxe5 Qxe5 23. Rxf8+ Rxf8 24. Rf3 Re8 25. Nf5 Bc8 26. Nd4 Nc5 27.
Qxe5 Rxe5 28. Bc2 Bd7 29. Kf2 h5 30. h4 Ne4+ 31. Bxe4 dxe4 32. Re3 Be8 33. Re2
Bf7 34. Ke3 Bc4 35. Rf2 Bf7 36. Rf5 Re7 37. Nc6 Re6 38. Rxf7 Rxc6 39. Rf5 g6
40. Re5 Kf7 41. Rxe4 b5 42. g3 Kf6 43. a4 Kf5 44. axb5 axb5 45. Rd4 Rc5 46. Kd3
g5 47. b4 Re5 48. hxg5 Kxg5 49. c4 bxc4+ 50. Kxc4 Re3 51. Rd3 Re4+ 52. Kc5 Kg4
53. b5 Re5+ 54. Kb4 Re1 55. b6 Rb1+ 56. Kc5 1-0

[Event "FIDE Open World Blitz 2021"]
[Site "Warsaw"]
[Date "2021.12.29"]
[Round "1.34"]
[White "Van Foreest, Jorden"]
[Black "Baum, Jonasz"]
[Result "1-0"]
[WhiteElo "2566"]
[BlackElo "2157"]
[Annotator "ChessBase"]
[PlyCount "99"]
[EventDate "2021.12.29"]
[EventType "swiss"]
[EventCountry "POL"]
[Tiebreak "Cut1 Buchholz"]
[SourceTitle "playchess.com"]
[Source "ChessBase"]
[SourceQuality "1"]

1. Nf3 d5 2. e3 g6 3. c4 c6 4. d4 Bg7 5. Nc3 Nf6 6. Be2 O-O 7. O-O Nbd7 8. cxd5
cxd5 9. Bd2 b6 10. Qb3 Bb7 11. a4 Ne4 12. Nxd5 Nxd2 13. Nxd2 Nc5 14. Nxe7+ Qxe7
15. dxc5 Qxc5 16. Bf3 Rad8 17. Rfd1 Bc8 18. Rac1 Be6 19. Qc2 Qb4 20. b3 Rc8 21.
Nc4 Bxc4 22. bxc4 Rfd8 23. Bd5 Qb2 24. Qd3 Qb4 25. Qc2 Qb2 26. Qe4 Qe5 27. Qd3
Qe8 28. Qb3 Qe7 29. g3 h5 30. Qc2 Qf6 31. h4 Bh6 32. Kg2 Kg7 33. Qe2 Qe5 34.
Ra1 Rc5 35. Rd4 Re8 36. Rad1 Ra5 37. Bc6 Rc5 38. Bxe8 Qxe8 39. Rd5 Qe4+ 40. Qf3
Rxc4 41. Qxe4 Rxe4 42. R1d4 Re6 43. Rd7 a5 44. R4d6 Re4 45. Rxb6 Rxa4 46. Rbb7
Ra2 47. Rxf7+ Kg8 48. Rfe7 a4 49. Re8+ Bf8 50. Rbb8 1-0

[Event "FIDE Open World Blitz 2021"]
[Site "Warsaw"]
[Date "2021.12.29"]
[Round "1.35"]
[White "Moroni, Luca Jr"]
[Black "Onyshchuk, Volodymyr"]
[Result "0-1"]
[WhiteElo "2580"]
[BlackElo "2622"]
[Annotator "ChessBase"]
[PlyCount "82"]
[EventDate "2021.12.29"]
[EventType "swiss"]
[EventCountry "POL"]
[Tiebreak "Cut1 Buchholz"]
[SourceTitle "playchess.com"]
[Source "ChessBase"]
[SourceQuality "1"]

1. c4 g6 2. Nc3 Bg7 3. e4 d6 4. d4 Nc6 5. d5 Nd4 6. Be3 c5 7. Nge2 Nxe2 8. Bxe2
Nf6 9. O-O O-O 10. f4 a6 11. a4 Re8 12. Bf3 Nd7 13. Qc2 Qa5 14. Ra3 Rb8 15. h3
Qc7 16. a5 b5 17. axb6 Qxb6 18. b3 Qb4 19. Nb1 Bd4 20. Qf2 a5 21. Bd1 Nb6 22.
Bxd4 cxd4 23. Qxd4 a4 24. Kh2 Bd7 25. Qd2 Qc5 26. Qc3 Rec8 27. bxa4 Nxc4 28.
Rb3 Rxb3 29. Qxb3 Qd4 30. Bf3 Na5 31. Qd1 Qxa4 32. Qxa4 Bxa4 33. Nd2 Rc2 34.
Ra1 Rxd2 35. Rxa4 Nb3 36. e5 Nd4 37. Bg4 h5 38. Bd7 dxe5 39. fxe5 Nf3+ 40. Kg3
Nxe5 41. Ra5 Nxd7 0-1

[Event "FIDE Open World Blitz 2021"]
[Site "Warsaw"]
[Date "2021.12.29"]
[Round "1.35"]
[White "Gluszko, Tomasz"]
[Black "Ter-Sahakyan, Samvel"]
[Result "1/2-1/2"]
[WhiteElo "2086"]
[BlackElo "2565"]
[Annotator "ChessBase"]
[PlyCount "142"]
[EventDate "2021.12.29"]
[EventType "swiss"]
[EventCountry "POL"]
[Tiebreak "Cut1 Buchholz"]
[SourceTitle "playchess.com"]
[Source "ChessBase"]
[SourceQuality "1"]

1. d4 Nf6 2. Bg5 d5 3. Bxf6 exf6 4. g3 c6 5. Bg2 Qb6 6. b3 a5 7. a4 Be7 8. e3
O-O 9. Ne2 Rd8 10. O-O f5 11. c4 Na6 12. c5 Qc7 13. Nd2 Bf6 14. Rc1 Qe7 15. Nf4
g6 16. Nd3 Nc7 17. Rb1 Bg7 18. b4 axb4 19. Rxb4 Ne6 20. Nf3 Qc7 21. Qc2 Nf8 22.
Rfb1 Nd7 23. Qb3 Nf6 24. Rb2 Ne4 25. Nfe5 Re8 26. Qc2 Qa5 27. Qb3 Bxe5 28. Bxe4
Bf6 29. Bf3 Kg7 30. h4 Re7 31. Kg2 Qc7 32. Rb1 Qd8 33. Rb2 h6 34. Rb1 g5 35.
hxg5 hxg5 36. Rh1 Re8 37. Qd1 Rh8 38. Rxh8 Qxh8 39. Qh1 Qxh1+ 40. Kxh1 Bd8 41.
Kg2 Bc7 42. Be2 Ra7 43. Bf3 Bd7 44. Be2 f6 45. Bf3 Be8 46. Be2 Bg6 47. Kf1 Kf7
48. Ke1 Ba5 49. Kd1 Bxb4 50. Nxb4 Rxa4 51. Nd3 f4 52. gxf4 Bxd3 53. Bxd3 gxf4
54. Bc2 Ra1+ 55. Kd2 fxe3+ 56. fxe3 Ra3 57. Bf5 Ke7 58. Bc8 Kd8 59. Bf5 Kc7 60.
e4 dxe4 61. Bxe4 Rg3 62. Bf5 Rg5 63. Be4 f5 64. Bf3 Rg7 65. Ke3 Rd7 66. Bh5 Kd8
67. Bg6 f4+ 68. Ke4 f3 69. Bf5 f2 70. Bh3 Rh7 71. Bf1 Rh1 1/2-1/2

[Event "FIDE Open World Blitz 2021"]
[Site "Warsaw"]
[Date "2021.12.29"]
[Round "1.36"]
[White "Adly, Ahmed"]
[Black "Costachi, Mihnea"]
[Result "1-0"]
[WhiteElo "2602"]
[BlackElo "2463"]
[Annotator "ChessBase"]
[PlyCount "115"]
[EventDate "2021.12.29"]
[EventType "swiss"]
[EventCountry "POL"]
[Tiebreak "Cut1 Buchholz"]
[SourceTitle "playchess.com"]
[Source "ChessBase"]
[SourceQuality "1"]

1. d4 Nf6 2. Nf3 g6 3. Nc3 d5 4. Bf4 Bg7 5. Nb5 Na6 6. e3 c6 7. Na3 Qb6 8. Qc1
O-O 9. Be2 Bf5 10. h3 c5 11. O-O Ne4 12. Nb5 cxd4 13. exd4 Rfc8 14. c3 Nb8 15.
Be5 a6 16. Bxg7 Kxg7 17. Na3 Nd7 18. Nh4 Be6 19. Bd3 Ndf6 20. Nc2 Qd6 21. Nf3
b5 22. a4 Bd7 23. Ne5 bxa4 24. Re1 Bb5 25. Bxe4 dxe4 26. Ne3 Bd3 27. Rxa4 Rab8
28. Qd2 Nd7 29. Nxd3 exd3 30. Ng4 Nf6 31. Ne5 Nd7 32. Nxd3 Rb5 33. Qe2 e6 34.
Rea1 Rb6 35. Nb4 Nf6 36. Rxa6 Rxa6 37. Rxa6 Qf4 38. Nd3 Qf5 39. Ra7 Ne4 40. Ne5
Rf8 41. g4 Qf4 42. Qe3 g5 43. Qxf4 gxf4 44. c4 h5 45. b4 hxg4 46. hxg4 Rb8 47.
b5 Nd6 48. Rd7 Ne4 49. Rxf7+ Kg8 50. Ra7 Rd8 51. Nc6 Re8 52. b6 Nd6 53. c5 Nb5
54. Ra5 Nc3 55. b7 Ne2+ 56. Kf1 f3 57. Ra8 Rxa8 58. bxa8=Q+ 1-0

[Event "FIDE Open World Blitz 2021"]
[Site "Warsaw"]
[Date "2021.12.29"]
[Round "1.36"]
[White "Sadhwani, Raunak"]
[Black "Klimkowski, Jan"]
[Result "0-1"]
[WhiteElo "2562"]
[BlackElo "2015"]
[Annotator "ChessBase"]
[PlyCount "86"]
[EventDate "2021.12.29"]
[EventType "swiss"]
[EventCountry "POL"]
[Tiebreak "Cut1 Buchholz"]
[SourceTitle "playchess.com"]
[Source "ChessBase"]
[SourceQuality "1"]

1. c4 Nf6 2. Nc3 e6 3. Nf3 Bb4 4. Qb3 c5 5. a3 Ba5 6. g3 O-O 7. Bg2 Nc6 8. O-O
d6 9. d3 h6 10. Qc2 e5 11. e3 Bf5 12. Nd2 Bxc3 13. bxc3 Bh7 14. Rb1 Qd7 15. e4
Rab8 16. a4 Ne8 17. f4 exf4 18. Rxf4 Nc7 19. Bb2 Ne6 20. Rf2 b6 21. Rbf1 Rbe8
22. Bc1 Ne5 23. h3 Ng5 24. g4 a6 25. Qb1 Qxa4 26. h4 Ne6 27. Bh3 b5 28. Nf3
Nxf3+ 29. Rxf3 bxc4 30. g5 hxg5 31. d4 Nf4 32. Bf5 Bxf5 33. exf5 Ne2+ 34. Kg2
g4 35. R3f2 Qb3 36. Qxb3 cxb3 37. Bb2 Re4 38. f6 g6 39. h5 Kh7 40. Rh1 Nf4+ 41.
Kf1 Rfe8 42. Kg1 Nh3+ 43. Rxh3 gxh3 0-1

[Event "FIDE Open World Blitz 2021"]
[Site "Warsaw"]
[Date "2021.12.29"]
[Round "1.37"]
[White "Murzin, Volodar"]
[Black "Paravyan, David"]
[Result "1-0"]
[WhiteElo "2519"]
[BlackElo "2642"]
[Annotator "ChessBase"]
[PlyCount "123"]
[EventDate "2021.12.29"]
[EventType "swiss"]
[EventCountry "POL"]
[Tiebreak "Cut1 Buchholz"]
[SourceTitle "playchess.com"]
[Source "ChessBase"]
[SourceQuality "1"]

1. e4 e5 2. Nf3 Nc6 3. Bb5 Nf6 4. O-O Nxe4 5. Re1 Nd6 6. Nxe5 Nxe5 7. Rxe5+ Be7
8. Bf1 O-O 9. d4 Ne8 10. c3 d5 11. Nd2 Bd6 12. Re1 Nf6 13. Bd3 Bg4 14. f3 Bh5
15. Nf1 c5 16. dxc5 Bxc5+ 17. Be3 Qb6 18. Qb3 Qc7 19. Qa4 Rfe8 20. Bxc5 Qxc5+
21. Qd4 Qxd4+ 22. cxd4 Bg6 23. Bb5 Re6 24. Rxe6 fxe6 25. Rc1 Be8 26. Bd3 Kf8
27. Kf2 Bc6 28. Ke3 Ke7 29. Ng3 Kd6 30. Ne2 g5 31. Rh1 Rg8 32. h4 gxh4 33. Nf4
e5 34. dxe5+ Kxe5 35. Rxh4 d4+ 36. Kf2 Ng4+ 37. Rxg4 Rxg4 38. fxg4 Kxf4 39.
Bxh7 Kxg4 40. Bd3 a5 41. a3 Bd5 42. Be2+ Kf5 43. Bf3 Bc6 44. Bxc6 bxc6 45. b4
axb4 46. axb4 Ke4 47. Ke2 Kd5 48. g4 c5 49. b5 c4 50. g5 Ke4 51. g6 d3+ 52. Kd2
c3+ 53. Kxc3 Ke3 54. g7 d2 55. g8=Q d1=Q 56. Qg5+ Ke4 57. Qe7+ Kf5 58. Kb4 Qd2+
59. Kc5 Qf2+ 60. Kc6 Qf3+ 61. Kb6 Qf2+ 62. Qc5+ 1-0

[Event "FIDE Open World Blitz 2021"]
[Site "Warsaw"]
[Date "2021.12.29"]
[Round "1.37"]
[White "Laith, Kasib"]
[Black "Santos Latasa, Jaime"]
[Result "0-1"]
[WhiteElo "2010"]
[BlackElo "2561"]
[Annotator "ChessBase"]
[PlyCount "70"]
[EventDate "2021.12.29"]
[EventType "swiss"]
[EventCountry "POL"]
[Tiebreak "Cut1 Buchholz"]
[SourceTitle "playchess.com"]
[Source "ChessBase"]
[SourceQuality "1"]

1. Nf3 d5 2. g3 Nd7 3. Bg2 e5 4. d3 Ngf6 5. O-O Bd6 6. Nbd2 O-O 7. e4 c6 8. Re1
Re8 9. c3 a5 10. Qc2 h6 11. Nf1 Qc7 12. Ne3 dxe4 13. dxe4 Nc5 14. Nh4 Be6 15.
Nhf5 Bf8 16. h3 g6 17. Nh4 Rad8 18. b4 axb4 19. cxb4 Nd3 20. Rf1 Nxc1 21. Raxc1
Bxb4 22. Rfd1 Ba5 23. Qa4 Rxd1+ 24. Rxd1 Bb6 25. Nc4 Bd4 26. Nf3 b5 27. Qa5
Qxa5 28. Nxa5 c5 29. Bf1 Ra8 30. Nc6 Nxe4 31. Nfxd4 exd4 32. Bxb5 Nc3 33. Ne7+
Kf8 34. Bc6 Kxe7 35. Re1 Rxa2 0-1

[Event "FIDE Open World Blitz 2021"]
[Site "Warsaw"]
[Date "2021.12.29"]
[Round "1.38"]
[White "Tari, Aryan"]
[Black "Saraci, Nderim"]
[Result "0-1"]
[WhiteElo "2649"]
[BlackElo "2486"]
[Annotator "ChessBase"]
[PlyCount "134"]
[EventDate "2021.12.29"]
[EventType "swiss"]
[EventCountry "POL"]
[Tiebreak "Cut1 Buchholz"]
[SourceTitle "playchess.com"]
[Source "ChessBase"]
[SourceQuality "1"]

1. e4 e5 2. Nf3 Nc6 3. Bb5 a6 4. Ba4 Nf6 5. Nc3 d6 6. Bxc6+ bxc6 7. d4 exd4 8.
Nxd4 Bd7 9. O-O Be7 10. Qf3 c5 11. Nde2 O-O 12. h3 Be6 13. Nf4 Nd7 14. b3 Bf6
15. Bb2 Ne5 16. Qe3 Ng6 17. Nh5 Bd4 18. Qg3 f5 19. Nf4 Nxf4 20. Qxf4 Qf6 21.
Qd2 Qg6 22. exf5 Bxf5 23. Kh1 Bxc2 24. Rae1 Rae8 25. Rxe8 Rxe8 26. Na4 Qd3 27.
Qc1 Re2 28. Bxd4 Qxd4 29. Qg5 h6 30. Qg3 Be4 31. Nc3 Rc2 32. Nxe4 Qxe4 33. f3
Qe2 34. Re1 Qf2 35. Re8+ Kf7 36. Qxf2 Rxf2 37. Rc8 Rxa2 38. Rxc7+ Kf6 39. Rd7
Rd2 40. Ra7 Rd3 41. Rxa6 Ke6 42. Rb6 Rd1+ 43. Kh2 Rb1 44. Rb5 Kd5 45. Rb6 g5
46. Kg3 Rb2 47. h4 gxh4+ 48. Kh3 Ke5 49. Rb8 d5 50. Re8+ Kd4 51. f4 Rxb3+ 52.
Kxh4 c4 53. f5 Rb1 54. Kh5 Rf1 55. g4 Rf4 56. Re6 c3 57. f6 c2 58. Rc6 Kd3 59.
Kxh6 Rxf6+ 60. Rxf6 c1=Q+ 61. g5 Ke4 62. Kg6 Ke5 63. Rf5+ Ke4 64. Rf8 d4 65.
Kh6 d3 66. Re8+ Kf5 67. Rf8+ Ke5 0-1

[Event "FIDE Open World Blitz 2021"]
[Site "Warsaw"]
[Date "2021.12.29"]
[Round "1.39"]
[White "Kolosowski, Mateusz"]
[Black "Maghsoodloo, Parham"]
[Result "1/2-1/2"]
[WhiteElo "2444"]
[BlackElo "2706"]
[Annotator "ChessBase"]
[PlyCount "240"]
[EventDate "2021.12.29"]
[EventType "swiss"]
[EventCountry "POL"]
[Tiebreak "Cut1 Buchholz"]
[SourceTitle "playchess.com"]
[Source "ChessBase"]
[SourceQuality "1"]

1. e4 e6 2. d4 d5 3. Nd2 c5 4. Ngf3 cxd4 5. Nxd4 Nf6 6. exd5 Qxd5 7. Nb5 Na6 8.
Nc3 Qd8 9. a3 Bd7 10. Be2 Bc6 11. Bf3 Qc7 12. O-O Be7 13. Qe2 O-O 14. Bxc6 Qxc6
15. Nc4 Rad8 16. Ne5 Qc8 17. Bg5 Nc7 18. Ng4 Nfd5 19. Bxe7 Nxe7 20. Rad1 Ng6
21. Qe3 a6 22. Ne5 Ne7 23. Qf3 f6 24. Nd3 Ncd5 25. Nxd5 Nxd5 26. c3 a5 27. Rfe1
b6 28. Qe4 Rfe8 29. c4 Nc7 30. b3 e5 31. b4 axb4 32. axb4 Ne6 33. Nb2 Nd4 34.
h3 Qc7 35. Rc1 Qb8 36. Rc3 Ne6 37. Rec1 Rd4 38. Qe3 Red8 39. Rd3 Rxd3 40. Nxd3
Qd6 41. Rc3 Qc6 42. b5 Qd6 43. g3 Rc8 44. Qe4 h6 45. h4 Nd4 46. Kg2 Nxb5 47.
Rc1 Nd4 48. h5 Ne6 49. Rc3 Ng5 50. Qf5 Qc6+ 51. f3 e4 52. fxe4 Qxe4+ 53. Qxe4
Nxe4 54. Rc1 Kf7 55. g4 Ke7 56. Re1 Rxc4 57. Nf2 f5 58. gxf5 Rc2 59. Rxe4+ Kf6
60. Rb4 Kxf5 61. Rxb6 Kg5 62. Rg6+ Kxh5 63. Rxg7 Rc5 64. Ne4 Rc6 65. Kh3 Rg6
66. Rf7 Re6 67. Ng3+ Kg6 68. Rf4 Re5 69. Kg4 Rg5+ 70. Kf3 Re5 71. Rg4+ Rg5 72.
Ra4 Kh7 73. Ra7+ Rg7 74. Ra6 Rg6 75. Ra5 Rf6+ 76. Kg4 Rg6+ 77. Kh4 Rg5 78. Ra6
Rg6 79. Ra4 Rg5 80. Ne4 Re5 81. Kg4 Kg6 82. Ra6+ Kg7 83. Kf4 Rb5 84. Ra7+ Kg6
85. Ra6+ Kg7 86. Nd6 Rc5 87. Nf5+ Kf7 88. Nxh6+ Ke7 89. Nf5+ Kd7 90. Ke4 Kc7
91. Ne3 Kd7 92. Nd5 Rc6 93. Ra1 Re6+ 94. Kd4 Re2 95. Ra7+ Kd6 96. Ra6+ Kd7 97.
Nf4 Rd2+ 98. Nd3 Ke7 99. Ke4 Re2+ 100. Kf5 Rd2 101. Nf4 Kd7 102. Ke5 Rd1 103.
Nd5 Re1+ 104. Kd4 Rd1+ 105. Kc4 Rc1+ 106. Kb5 Rb1+ 107. Kc5 Rc1+ 108. Kb5 Rb1+
109. Nb4 Rc1 110. Rh6 Ke7 111. Nd3 Rc2 112. Ne5 Rc1 113. Nc4 Rd1 114. Kc5 Kf7
115. Ne3 Re1 116. Kd4 Ke7 117. Ra6 Kd7 118. Nc4 Rh1 119. Kc5 Rh5+ 120. Kd4 Rh4+
1/2-1/2